[Event "Arab Cities-chT"]
[Site "Monastir"]
[Date "2013.10.30"]
[Round "4.2"]
[White "Hergli, Amir"]
[Black "El Gehani, Ghassan A"]
[Result "1/2-1/2"]
[WhiteElo "2142"]
[BlackElo "2051"]
[PlyCount "35"]
[EventDate "2013.10.27"]
[EventType "team-swiss"]
[EventRounds "7"]
[EventCountry "TUN"]
[SourceTitle "EXT 2014"]
[Source "ChessBase"]
[SourceDate "2013.11.20"]
[SourceVersion "1"]
[SourceVersionDate "2013.11.20"]
[SourceQuality "1"]
[WhiteTeam "Menzel Temime"]
[BlackTeam "Benghazi"]
[WhiteTeamCountry "TUN"]
[BlackTeamCountry "LBY"]

1. e4 c5 2. Nf3 d6 3. d4 cxd4 4. Qxd4 Nc6 5. Bb5 Bd7 6. Qd3 Nf6 7. 0-0 g6 8. Nc3 Bg7 9. Bg5 0-0 10. Rad1 a6 11. Bxc6 Bxc6 12. e5 dxe5 13. Nxe5 Qc7 14. Nxc6 Qxc6 15. Bxf6 Bxf6 16. Nd5 Rfd8 17. Nxf6+ Qxf6 18. Qb3 1/2-1/2

[Event "Arab Cities-chT"]
[Site "Monastir"]
[Date "2013.10.28"]
[Round "2.2"]
[White "Seffar, Mohamed"]
[Black "El Gehani, Ghassan A"]
[Result "0-1"]
[WhiteElo "2086"]
[BlackElo "2051"]
[PlyCount "48"]
[EventDate "2013.10.27"]
[EventType "team-swiss"]
[EventRounds "7"]
[EventCountry "TUN"]
[SourceTitle "EXT 2014"]
[Source "ChessBase"]
[SourceDate "2013.11.20"]
[SourceVersion "1"]
[SourceVersionDate "2013.11.20"]
[SourceQuality "1"]
[WhiteTeam "NRM"]
[BlackTeam "Benghazi"]
[WhiteTeamCountry "ALG"]
[BlackTeamCountry "LBY"]

1. e4 c5 2. Nf3 d6 3. d4 cxd4 4. Nxd4 Nf6 5. Nc3 g6 6. Be3 Bg7 7. Bc4 0-0 8. f3 Nc6 9. Bb3 Bd7 10. Qd2 Rc8 11. 0-0-0 Ne5 12. h4 h5 13. g4 hxg4 14. f4 Nc4 15. Bxc4 Rxc4 16. Qd3 Qc8 17. f5 b5 18. fxg6 fxg6 19. a3 a5 20. Ndxb5 Bxb5 21. Nxb5 Rxe4 22. Bd4 Qc6 23. Nc3 Rf4 24. Qxg6 Rxd4 0-1

[Event "Istanbul op-A 11th"]
[Site "Istanbul"]
[Date "2012.09.08"]
[Round "9"]
[White "El Gehani, Ghassan A"]
[Black "Omar, Abdulwahab"]
[Result "1/2-1/2"]
[WhiteElo "2276"]
[BlackElo "2031"]
[PlyCount "69"]
[EventDate "2012.08.30"]
[EventType "swiss"]
[EventRounds "9"]
[EventCountry "TUR"]
[SourceTitle "CBM 150 Extra"]
[Source "ChessBase"]
[SourceDate "2012.10.19"]
[SourceVersion "1"]
[SourceVersionDate "2012.10.19"]
[SourceQuality "1"]

1. e4 c5 2. Nf3 d6 3. Nc3 Nf6 4. d4 cxd4 5. Nxd4 g6 6. Be3 Bg7 7. f3 0-0 8. Qd2 Nc6 9. Bc4 Nd7 10. h4 Nb6 11. Bb3 Na5 12. Qd3 Nxb3 13. axb3 Bd7 14. h5 a6 15. hxg6 fxg6 16. 0-0-0 a5 17. Bh6 Rf7 18. Bxg7 Rxg7 19. e5 d5 20. e6 Bc6 21. Rh4 Qc7 22. Rdh1 Be8 23. f4 a4 24. bxa4 Bxa4 25. Qh3 h5 26. Qf3 Be8 27. f5 Ra1+ 28. Nb1 g5 29. R4h2 g4 30. Qe3 Nc4 31. Qh6 Qe5 32. c3 Qe3+ 33. Qxe3 Nxe3 34. Nc2 Nxc2 35. Kxc2 1/2-1/2